| 000 | 01553 a2200193 4500 | ||
|---|---|---|---|
| 003 | Nust | ||
| 005 | 20170207171638.0 | ||
| 040 | _cNust | ||
| 082 | _a050 | ||
| 100 | _aCommand and Staff College (Quetta, Pakistan) | ||
| 245 |
_aThe Citadel : _bprofessional magazine of the Command and Staff College - No. 2/2006 _cCommand and Staff College (Quetta, Pakistan) |
||
| 260 |
_aQuetta,Pakistan _bComdt and Staff Press Quetta _c2006 |
||
| 300 | _a162p.: | ||
| 490 | _aVol. XXIV | ||
| 505 | _aLetter (Page-4) Extremism Affecting the Muslim World by Lt Col Najeeb Ahmad (Page-17) Some Impertinent Facts about our Reading Habit? By Brigadier Abid Pervaiz (Page-27) Divine Dimension of Warfare Major Salar Malik (Page-35) Pakistan-US Relation: Beyond ‘‘ Ware Against Terrorism” Prospect and Challenges by Lt Col Azhar Saleh Abbasi (Page-39) Is Deterrence Breakdown Probable in South Asia? By Lt Col Naveed Safdar (Page-51) Tactical Appreciation- A Reappraisal Lt Col Gulraiz Khan (Page-69) 21st Century Warfare and the Officer Leadership by Brigadier Raashid Wali Janjua (Page-83) Operation Parakaram and India Military Thought by LT Col Muhammad Ihsanullah (Page-98) Headquarters Division Logistics- Operational Dimension by Lt Col Asim Iqbal (Page-109) A need for Efficient Water Management Strategy in Pakistan by Lt Col Faiz Hamid Page-116) If by Rudyard Kipling Contributed by Major Zahid Raza (Page-125) | ||
| 538 | _aAlmirah No.137 Shelf No.6 | ||
| 650 | _aPakistan. -- Army -- Periodicals | ||
| 651 | _aPakistan -- Military policy -- Periodicals. | ||
| 942 | _cMAGS | ||
| 999 |
_c218015 _d218015 |
||